A guide to boundary demarcation procedure in England and Wales. (Record no. 93960)
[ view plain ]
| 000 -LEADER | |
|---|---|
| fixed length control field | 01108cam a2200325 4500 |
| 008 - FIXED-LENGTH DATA ELEMENTS--GENERAL INFORMATION | |
| fixed length control field | 090401t1993 xxu||||| |||| 00| 0 eng d |
| 020 ## - INTERNATIONAL STANDARD BOOK NUMBER | |
| International Standard Book Number | 0854065792 |
| 035 ## - SYSTEM CONTROL NUMBER | |
| System control number | (Sirsi) u57673 |
| 041 ## - LANGUAGE CODE | |
| Language code of text/sound track or separate title | eng |
| 050 ## - LIBRARY OF CONGRESS CALL NUMBER | |
| Classification number | 346.410432 |
| 090 ## - LOCALLY ASSIGNED LC-TYPE CALL NUMBER (OCLC); LOCAL CALL NUMBER (RLIN) | |
| Classification number (OCLC) (R) ; Classification number, CALL (RLIN) (NR) | RICS 1993/92ABCD |
| 100 ## - MAIN ENTRY--PERSONAL NAME | |
| Personal name | Powell, David J. |
| 245 #2 - TITLE STATEMENT | |
| Title | A guide to boundary demarcation procedure in England and Wales. |
| Statement of responsibility, etc. | [old edition] |
| 260 ## - PUBLICATION, DISTRIBUTION, ETC. | |
| Place of publication, distribution, etc. | London |
| Name of publisher, distributor, etc. | RICS |
| Date of publication, distribution, etc. | 1993 |
| 300 ## - PHYSICAL DESCRIPTION | |
| Extent | 36p. : ill. ; 30cm. |
| 350 ## - PRICE (NR) (BK AM CF MU VM SE) [OBSOLETE] | |
| Price | 14.95 |
| 490 ## - SERIES STATEMENT | |
| Series statement | RICS Guidance Note |
| 520 ## - SUMMARY, ETC. | |
| Summary, etc. | Superseded by second edition (ISBN 9781842194959). |
| 650 ## - SUBJECT ADDED ENTRY--TOPICAL TERM | |
| Topical term or geographic name entry element | Boundary disputes |
| 9 (RLIN) | 6221 |
| 650 ## - SUBJECT ADDED ENTRY--TOPICAL TERM | |
| Topical term or geographic name entry element | Boundary disputes |
| 9 (RLIN) | 6221 |
| 650 ## - SUBJECT ADDED ENTRY--TOPICAL TERM | |
| Topical term or geographic name entry element | BOUNDARY SURVEYS |
| 650 ## - SUBJECT ADDED ENTRY--TOPICAL TERM | |
| Topical term or geographic name entry element | GUIDANCE NOTES |
| 650 ## - SUBJECT ADDED ENTRY--TOPICAL TERM | |
| Topical term or geographic name entry element | LAW |
| 650 ## - SUBJECT ADDED ENTRY--TOPICAL TERM | |
| Topical term or geographic name entry element | ABOUT RICS |
| 690 ## - LOCAL SUBJECT ADDED ENTRY--TOPICAL TERM (OCLC, RLIN) | |
| Topical term or geographic name as entry element | LAND |
| 710 ## - ADDED ENTRY--CORPORATE NAME | |
| Corporate name or jurisdiction name as entry element | Royal Institution of Chartered Surveyors |
| 9 (RLIN) | 4900 |
| 856 ## - ELECTRONIC LOCATION AND ACCESS | |
| Uniform Resource Identifier | <a href="https://www.isurv.com/downloads/file/2802/archive_guide_to_boundary_demarcation_procedure_in_england_and_wales_1st_edition_december_1993%E2%80%93june_2009">https://www.isurv.com/downloads/file/2802/archive_guide_to_boundary_demarcation_procedure_in_england_and_wales_1st_edition_december_1993%E2%80%93june_2009</a> |
| Public note | Archived on isurv (subscription required) |
| 942 ## - ADDED ENTRY ELEMENTS (KOHA) | |
| Suppress in OPAC | 0 |
| Source of classification or shelving scheme | Dewey Decimal Classification |
| 948 ## - LOCAL PROCESSING INFORMATION (OCLC); SERIES PART DESIGNATOR (RLIN) | |
| c (OCLC) | 04/03/1997 |
| Withdrawn status | Lost status | Source of classification or shelving scheme | Damaged status | Not for loan | Home library | Current library | Shelving location | Date acquired | Cost, normal purchase price | Total Checkouts | Full call number | Barcode | Date last seen | Copy number | Cost, replacement price | Price effective from | Koha item type | Date last checked out | Uniform Resource Identifier |
|---|---|---|---|---|---|---|---|---|---|---|---|---|---|---|---|---|---|---|---|
| Dewey Decimal Classification | London | London | RICS Boxes | 31/12/1993 | 14.95 | RICS 1993/92 | 30040421 | 06/08/2019 | 1 | 14.95 | 06/08/2019 | Archive | |||||||
| Dewey Decimal Classification | London | London | RICS Boxes | 31/12/1993 | 14.95 | RICS 1993/92 | 30040422 | 06/08/2019 | 2 | 14.95 | 06/08/2019 | Reference material | |||||||
| Dewey Decimal Classification | London | London | RICS Boxes | 31/12/1993 | 14.95 | 13 | RICS 1993/92 | 30040423 | 06/08/2019 | 3 | 14.95 | 06/08/2019 | Book | 15/03/2007 | |||||
| Dewey Decimal Classification | Virtual | Virtual | Online | 12/05/2023 | isurv | 12/05/2023 | 4 | 12/05/2023 | Online material | https://www.isurv.com/downloads/file/2802/archive_guide_to_boundary_demarcation_procedure_in_england_and_wales_1st_edition_december_1993%E2%80%93june_2009 |